<?xml version="1.0" encoding="UTF-8"?><?xml-stylesheet type="text/xsl" href="static/style.xsl"?><OAI-PMH xmlns="http://www.openarchives.org/OAI/2.0/" xmlns:xsi="http://www.w3.org/2001/XMLSchema-instance" xsi:schemaLocation="http://www.openarchives.org/OAI/2.0/ http://www.openarchives.org/OAI/2.0/OAI-PMH.xsd"><responseDate>2026-04-28T12:24:17Z</responseDate><request verb="GetRecord" identifier="oai:uvadoc.uva.es:10324/72025" metadataPrefix="marc">https://uvadoc.uva.es/oai/request</request><GetRecord><record><header><identifier>oai:uvadoc.uva.es:10324/72025</identifier><datestamp>2025-02-03T09:14:50Z</datestamp><setSpec>com_10324_38</setSpec><setSpec>col_10324_852</setSpec></header><metadata><record xmlns="http://www.loc.gov/MARC21/slim" xmlns:doc="http://www.lyncode.com/xoai" xmlns:xsi="http://www.w3.org/2001/XMLSchema-instance" xmlns:dcterms="http://purl.org/dc/terms/" xsi:schemaLocation="http://www.loc.gov/MARC21/slim http://www.loc.gov/standards/marcxml/schema/MARC21slim.xsd">
<leader>00925njm 22002777a 4500</leader>
<datafield tag="042" ind1=" " ind2=" ">
<subfield code="a">dc</subfield>
</datafield>
<datafield tag="720" ind1=" " ind2=" ">
<subfield code="a">Bernal Arranz, Elías</subfield>
<subfield code="e">author</subfield>
</datafield>
<datafield tag="260" ind1=" " ind2=" ">
<subfield code="c">2024</subfield>
</datafield>
<datafield tag="520" ind1=" " ind2=" ">
<subfield code="a">El lobo ibérico es y ha sido una especie emblemática en España. La percepción social que&#xd;
se tenía hacia dicho animal en el pasado, contribuyó a que sus poblaciones y su área de&#xd;
distribución menguaran. Sin embargo, esa percepción ha mejorado con los años, gracias&#xd;
a los movimientos ecologistas y conservacionistas de la década de los 70. Actualmente,&#xd;
el depredador se encuentra protegido y parece haberse recuperado, por lo menos en&#xd;
Castilla y León. En esta comunidad, el lobo es un elemento muy importante, pues&#xd;
perjudica los intereses de sectores como la ganadería y la caza, los cuales se muestran&#xd;
contrarios a su protección. Este estudio trata de entender la relación que existe entre la&#xd;
percepción social hacia dicho animal y la distribución del mismo, teniendo en cuenta una&#xd;
serie de agentes y factores de todo tipo.</subfield>
</datafield>
<datafield tag="520" ind1=" " ind2=" ">
<subfield code="a">The Iberian wolf is and has been an emblematic species in Spain. The social perception&#xd;
of this animal in the past contributed to the decline of its populations and its area of&#xd;
distribution. However, this perception has improved over the years, thanks to the&#xd;
ecological and conservationist movements of the 1970s. Today, the predator is protected&#xd;
and seems to have recovered, at least in Castilla y León. In this community, the wolf is a&#xd;
very important element, as it harms the interests of sectors such as livestock farming and&#xd;
hunting, which are opposed to its protection. This study tries to understand the&#xd;
relationship between the social perception of the wolf and its distribution, taking into&#xd;
account a series of agents and factors of all kinds.</subfield>
</datafield>
<datafield tag="024" ind2=" " ind1="8">
<subfield code="a">https://uvadoc.uva.es/handle/10324/72025</subfield>
</datafield>
<datafield tag="245" ind1="0" ind2="0">
<subfield code="a">Canis Lupus, una pieza más en el territorio castellano-leonés</subfield>
</datafield>
</record></metadata></record></GetRecord></OAI-PMH>